Informačné vstupy znaleckej činnosti pri ohodnocovaní finančného nástroja - hypotekárny úver diplomová práca

Enregistré dans:
Détails bibliographiques
Auteur principal: Novotný, Jakub
Collectivité auteur: Fakulta podnikového manažmentu EU. Katedra podnikových financií
Autres auteurs: Markovič, Peter, 1974-
Format: Livre
Langue:slovaque
Publié: Bratislava 2015
Tags: Ajouter un tag
Pas de tags, Soyez le premier à ajouter un tag!

MARC

LEADER 00000nbm a2200000 4500
001 0201191
005 20161212100607.0
041 0 |a slo 
044 |a SK 
245 1 0 |a Informačné vstupy znaleckej činnosti pri ohodnocovaní finančného nástroja - hypotekárny úver  |b diplomová práca  |c Jakub Novotný ; školiteľ: Peter Markovič 
264 1 |a Bratislava  |c 2015 
300 |a 85 s. 
100 1 |a Novotný, Jakub 
700 1 |a Markovič, Peter, 1974- 
710 2 |a Fakulta podnikového manažmentu EU. Katedra podnikových financií